000 00627cam a2200229 4500500
005 20260405003504.0
041 _afre
042 _adc
100 1 0 _aDurand, Jean-Marie
_eauthor
245 0 0 _aLe Visage de nos colères
260 _c2022.
500 _a64
690 _aColère
690 _aCollectif
690 _aCommun
690 _aEmotions
690 _aEnfance
690 _aPassions
690 _aVisage
786 0 _nPhilosophie magazine | 158 | 4 | 2022-04-01 | p. 60-60 | 1951-1787
856 4 1 _uhttps://shs.cairn.info/magazine-philosophie-magazine-2022-4-page-60?lang=fr&redirect-ssocas=7080
999 _c2068048
_d2068048